000 00499nam a2200181Ia 4500
008 090124s9999 xx 000 0 und d
082 _b20796
_a1230
100 _aबेलसरे के. वि.
245 _a सहज समाधि
250 _a3
260 _c1970
300 _a96
600 _aबेलसरे के. वि.
630 _a सहज समाधि
700 _aबेलसरे के. वि.
730 _a सहज समाधि
942 _cBOOK
999 _c134598
_d134598